Flexibilné formy vzdelávania

Súčasná moderná forma vzdelávania je zastúpená tzv. e-learningom, prípadne blended learningom. Formy e-learningu: synchrónne vzdelávanie, asynchrónny e-learning. Najčastejšie formy asynchrónneho vzdelávania. M-learning ako forma dištančného vzdelávania prostredníctvom mobilných nástrojov. Blended le...

Ausführliche Beschreibung

Gespeichert in:
Bibliographische Detailangaben
1. Verfasser: Hrašková, Dagmar
Format: Buchkapitel
Sprache:Slowakisch
Schlagworte:
Tags: Tag hinzufügen
Keine Tags, Fügen Sie das erste Tag hinzu!

MARC

LEADER 00000naa a2200000 4500
001 0248721
005 20181108081542.8
041 0 |a slo 
044 |a SK 
245 1 0 |a Flexibilné formy vzdelávania  |c Dagmar Hrašková 
520 |a Súčasná moderná forma vzdelávania je zastúpená tzv. e-learningom, prípadne blended learningom. Formy e-learningu: synchrónne vzdelávanie, asynchrónny e-learning. Najčastejšie formy asynchrónneho vzdelávania. M-learning ako forma dištančného vzdelávania prostredníctvom mobilných nástrojov. Blended learning ako vzdelávanie v kombinovanom režime klasickej a elektronickej výučby. Najdôležitejšie výhody blended vzdelávania. 
610 2 0 |a vzdelávanie dištančné 
610 2 0 |a vzdelávanie elektronické 
610 2 0 |a flexibilita 
610 2 0 |a digitalizácia 
610 2 0 |a výučba vedecká 
100 1 |a Hrašková, Dagmar